00899nam a22002537a 4500003000900000005001700009008003700026020001800063040002200081100002900103240003200132245008400164260004400248300002700292490002000319700003400339830002000373942001200393945002800405952010500433956004000538956005200578999001500630DO-SdBNP20180131153405.0151015b sp 2007 |||| 00| 0 spa d a9788447318827 aBPMSUbspacBPMSU1 aBlyton, Enid,d1897-19681 aFive go adventuring again / aOtra aventura de los cinco /cEnid Blyton ; traducción Juan Ríos de la Rosa aBarcelona, España :bJuventud,c2007. a160 p. :bil.,c19 cm. aEnyd Blytonv231 aRíos Rosa, Juan de la,etr. 08Enid Blytonn23 2ddccBK aInventariado, 2018 / BT 00102ddc40708CJ-GaBPMETbBPMETd2015-10-15eFUNDIl0pBPMSU15100118r2015-10-15w2015-10-15yBK aBTAVAREZb10d20183101fBPMSUh0038 aYngrid Lockward2YLOCKWARD3108BPMSUc20161019 c8390d8390